Basketteurs par description. #3 - Statistiques

Statistiques générales
  • Ce quiz a été pris 95 fois
  • Le résultat moyen est 9 sur 15
Statistiques - réponses
Descriptions Basketteurs % Correct
J'évolue également au sein de la franchise du Thunder. Je suis un basketteur canadien évoluant au poste d'arrière, aux côtés de Shai Gilgeous Alexander. Mon habileté à 3 points et ma bonne gestion défensive ont été primordiales pour la victoire au Game 7 des finales NBA. Surnommé "Lu", je suis... Luguentz Dort
83%
J'ai également évolué du côté des Spurs avec lesquels je remporte 3 titres NBA. Je suis un arrière ou ailier souvent considéré comme un des meilleurs 6ème homme du XXIème siècle bien que souvent j'ai eu ma place dans le 5 majeur. Mon prénom est Emmanuel mais tout le monde m'appelle par mon diminutif. Je suis... Manu Ginobili
79%
Je suis souvent utilisé en tant que pivot mais je suis meilleur en tant qu'ailier fort. C'est par ailleurs le poste que j'occupais quand j'évoluais aux Timberwolves de Minnesota car Rudy Gobert était le poste 5. Actuellement, j'évolue aux Knicks où j'évolue souvent au poste 5 sauf quand Mitchell Robinson est sur le terrain. Je suis... Karl Antony Towns
73%
Je suis sans doute intrinsèquement le meilleur joueur de cette liste, largement. Suite à une brève carrière en Allemagne, je m'en vais pour le Texas, à Dallas, franchise avec laquelle je remporte un titre NBA en 2011, aux côtés de Jason Kidd. Je suis un ailier fort allemand, MVP NBA en 2007 et probablement le meilleur joueur européen de l'histoire, je suis... Dirk Nowitzki
67%
Si je vous dis que je suis un joueur français ayant remporté le titre NBA en 2014 avec les Spurs... vous pensez à Tony Parker. Eh non, j'ai également remporté ce titre, bien qu'ayant un rôle moins important. Je suis néanmoins un des piliers de l'Equipe de France de 2013, alors championne d'Europe. J'évolue au poste d'ailier fort, je suis... Boris Diaw
65%
Sans mon petit frère, je n'aurais sûrement pas eu la carrière en NBA que j'ai eu. Je ne joue presque pas dans ma franchise des Bucks mais j'ai une sorte de "wild card" au vu de la légende qu'est mon frère dans la franchise du Wisconsin. Je suis un ailier grec, je suis... (prénom demandé). Thanasis Antetokounmpo
65%
Je suis surnommé "Dr J", par ailleurs initiale de mon prénom. J'ai évolué dans les années 1970-1980, la majeure partie au 76ers de Philadelphie où j'évoluais en tant qu'ailier. J'ai remporté le titre de MVP de saison régulière en 1981, grâce à ma bonne saison. J'ai ensuite évolué aux côtés de Moses Malone, formant une doublette prolifique. Je suis... Julius Erving
64%
Je suis un pivot gaucher de 2,13m, évoluant du côté du Thunder actuellement. Je suis parfois dans le 5 majeur, parfois non, tout dépend quand Chet Holmgren joue poste 4 ou 5. Durant la saison 2024-2025, j'ai néanmoins été souvent titulaire pour les play-off. Je suis... Isaiah Hartenstein
59%
Ca fait déjà 20 ans que ma carrière a débuté. J'avais 19 ans quand j'ai foulé mon premier parquet chez les pros, du côté de Cholet. Originaire du Pas-de-Calais, Mon rôle en Equipe de France a toujours été important. Lors des Jeux Olympiques de 2024 à Paris, j'ai eu un temps de jeu non négligeable, afin d'apporter de l'expérience dans ce jeune groupe. Evoluant actuellement à Fenebarche, je suis... Nando De Colo
54%
Bien qu'ayant un rôle minime, je remporte un titre NBA avec les Lakers de Lebron James et d'Anthony Davis de 2020. Je suis un ailier ayant évolué dans l'horrible équipe des Washington Wizards de 2021 à 2025 avant de signer aux Bucks de Milwaukee ou je parviens à avoir un rôle plus important grâce aux blessures de Giannis Antetokounmpo. Je suis... Kyle Kuzma
51%
Avis aux puristes et abonnés de Bein Sport, j'étais un basketteur assez moyen, évoluant l'entièreté de ma carrière en France. J'ai plus de 200 sélections en Equipe de France, dans les années 1980. Bref, j'arrête de parler de ma carrière de joueur car c'est globalement en tant que consultant et commentateur que je suis connu. Je suis reconnaissable par ma voix grave, je suis... Jacques Monclar
50%
J'ai joué l'intégralité de ma carrière du côté des Hawks, pas encore basés à Atlanta à l'époque. Je suis connu pour avoir été élu MVP de saison régulière pour la première fois de l'histoire de la ligue, en 1956. J'ai gagné de nouveau ce titre en 1959. Je suis... Bob Pettit
45%
J'ai très longtemps évolué en Europe avant d'arriver en 2022, à l'âge de 27 ans, du côté du Jazz. J'ai ensuite évolué aux Pistons puis désormais au Heat, franchises dans lesquelles je n'arrive pas vraiment à m'intégrer dans les 5 majeur. Je suis un ailier italien, je suis... Simone Fontecchio
37%
J'ai un talent inouï, tout le monde s'accorde pour dire cela de moi. En effet, je fais partie de la Dream Team de 1992, épopée durant laquelle je n'ai cependant pas un rôle prépondérant. La majeure partie de ma carrière s'est passée dans la franchise de San Francisco, aux Warriors. Malheureusement, ma dépendance à l'alcool a quelque peu dégradé ma condition physique. Je suis... Chris Mullin
33%
Ma mort accidentelle en 1993 a laissé ma franchise ainsi que toute la NBA en deuil. Je suis un joueur croate, légende incontestée des Nets. Ma mort a malheureusement contribué à ma reconnaissance. Je suis... Drazen Petrovic
26%
Aucun quiz correspondant
Distribution des résultats
% des personnes avec chaque résultat
Percentile par nombre de réponses
Votre historique - résultats
Vous n’avez pas pris ce quiz